00395nam a2200181Ia 4500003000900000005001700009008004100026040001300067040001300080041000800093100001800101245004000119260002100159260000900180300000700189300001100196490000600207IT-RoPAU20220918175615.0120407s9999 xx 000 0 und d aIT-RoPAU cIT-RoPAU aita aRoberto Pagni aUltimi dialoghi con Lanza del Vasto aEdizioni Paoline c1981 b21 c152 cm v1